Studies in the economics of income maintenance / (Registro nro. 8575)

Detalles MARC
000 -LEADER
fixed length control field 02526nam a2200241Ia 4500
003 - CONTROL NUMBER IDENTIFIER
control field OSt
005 - DATE AND TIME OF LATEST TRANSACTION
control field 20210921121030.0
008 - FIXED-LENGTH DATA ELEMENTS--GENERAL INFORMATION
fixed length control field 210310t1967 eu fr 000 0 eng d
040 ## - CATALOGING SOURCE
Original cataloging agency CO-JMCR
Transcribing agency CO-JMCR
041 0# - LANGUAGE CODE
Language code of text/sound track or separate title eng
082 04 - DEWEY DECIMAL CLASSIFICATION NUMBER
Classification number 368.4008 /
Item number E192s
Edition number 23
100 1# - MAIN ENTRY--PERSONAL NAME
Personal name Eckstein, Otto,
9 (RLIN) 17671
Relator term editor
245 10 - TITLE STATEMENT
Title Studies in the economics of income maintenance /
Statement of responsibility, etc. Otto Eckstein, editor
260 ## - PUBLICATION, DISTRIBUTION, ETC.
Place of publication, distribution, etc. Washington :
Name of publisher, distributor, etc. Brookings Institution,
Date of publication, distribution, etc. ©1967
300 ## - PHYSICAL DESCRIPTION
Extent xvi, 254 páginas :
Other physical details ilustraciones y gráficas a blanco y negro ;
Dimensions 23 cm.
490 0# - SERIES STATEMENT
Series statement Studies of government finance
500 ## - GENERAL NOTE
General note Incluye notas a pie de página.
505 0# - FORMATTED CONTENTS NOTE
Title Social security: international comparisons /
Statement of responsibility Henry Aaron
Title Benefits under the american social security system /
Statement of responsibility Henry Aaron
Title Unemployment compensation: the massachusetts experience /
Statement of responsibility Charles Warden
Title Public assistance expenditures in the United States /
Statement of responsibility Lora S.Collins
Title The Mack Case: A study in unemployment /
Statement of responsibility John W. Dorsey
520 3# - SUMMARY, ETC.
Summary, etc. Government policies to improve the well-being of low-income people have come under increasing scrutiny in recent years. In the mid-1960's. income maintenance payments reached about $35 billion, or 17 percent of all public expenditures in the United States. The studies in this volume, which are introduced and summarized by Otto Eckstein, deal with spe cific aspects of current programs. Henry Aaron seeks to correlate the differences in income maintenance expenditures in twenty-two countries with selected variables, and computes the lifetime income redistributions associated with the U.S. Social Security system. Charles Warden, Jr, uses statistical techniques to classify the costs of the Massachusetts unemployment compensation system according to the types of unemployment which cause them. Lora S. Collins investigates the extent to which interstate variations in expenditures, recipient rates, and average payments under public as sistance programs can be explained by objective economic factors. John W. Dorsey analyzes the economic adjustments of workers to the relocation of an industrial plant. Because some of the workers received very substantial private and public income mainter ince payments his study sheds light on the economic effects of such payments Otto Eckstein directed the preparation of these studies as doctoral dissertations at Harvard University
650 14 - SUBJECT ADDED ENTRY--TOPICAL TERM
Topical term or geographic name entry element Seguridad social
9 (RLIN) 17673
Geographic subdivision Estados Unidos
650 24 - SUBJECT ADDED ENTRY--TOPICAL TERM
Topical term or geographic name entry element Seguridad social
General subdivision Estudios de caso
Geographic subdivision Estados Unidos
9 (RLIN) 40667
942 ## - ADDED ENTRY ELEMENTS (KOHA)
Source of classification or shelving scheme Dewey Decimal Classification
Koha item type Books
Existencias
Withdrawn status Lost status Source of classification or shelving scheme Damaged status Not for loan Collection code Home library Current library Date acquired Source of acquisition Full call number Barcode Date last seen Copy number Koha item type
    Dewey Decimal Classification     Non-fiction Biblioteca Pública José María del Castillo y Rada Biblioteca Pública José María del Castillo y Rada 04/15/2018 Donación 368.4008 / E192s 430006251 05/16/2024 Ej.1 Books